[Event "Xtracon Grand Master 2013"]
[Site "Asgaard Skole, Koge, Denmark"]
[Date "2013.10.16"]
[Round "3.3"]
[White "Solodovnichenko, Yuri"]
[Black "Severinsen, Frank"]
[Result "1-0"]
[WhiteElo "2583"]
[BlackElo "1100"]
[PlyCount "77"]
[EventDate "2013.??.??"]

1. g3 Nc6 2. Bg2 d5 3. d3 Nf6 4. Nd2 e5 5. a3 Bc5 6. e3 Be6 7. b4 Bb6 8. c4 a6
9. Bb2 d4 10. e4 Ne7 11. Ngf3 Ng6 12. Qc2 c5 13. Nb3 Nd7 14. h4 Bg4 15. Nh2 Be6
16. h5 Ne7 17. O-O Qc7 18. bxc5 Bxc5 19. Nxc5 Nxc5 20. f4 f6 21. f5 Bd7 22. h6
Rg8 23. Ng4 Qb6 24. Rab1 Qd6 25. Qe2 b5 26. Bc1 g6 27. Nxe5 fxe5 28. f6 O-O-O
29. fxe7 Qxe7 30. Qc2 Qd6 31. Bg5 Rde8 32. cxb5 Bxb5 33. Rfc1 Bxd3 34. Qxd3 Kd7
35. Bh3+ Re6 36. Qc4 d3 37. Qxc5 Qxc5+ 38. Rxc5 Kd6 39. Rd5+ 1-0

[Event "Xtracon Grand Master 2013"]
[Site "Asgaard Skole, Koge"]
[Date "2013.10.16"]
[Round "3.24"]
[White "Rosenkilde, Alexander"]
[Black "Keinicke, Mads"]
[Result "1-0"]
[WhiteElo "2238"]
[BlackElo "1693"]
[PlyCount "63"]
[EventDate "2013.??.??"]
[WhiteTeam "Tåstrup Skakforening"]
[BlackTeam "Nørrebro Skakklub"]

1. d4 f5 2. Nf3 Nf6 3. g3 g6 4. Bg2 Bg7 5. O-O O-O 6. b3 d6 7. Bb2 Na6 8. c4 c5
9. d5 Bd7 10. Nbd2 b5 11. Ng5 Rb8 12. Re1 h6 13. Nh3 g5 14. f4 g4 15. Nf2 Qe8
16. Rb1 Qg6 17. e4 fxe4 18. Nfxe4 Bf5 19. Bxf6 Bxf6 20. Nxf6+ Qxf6 21. Be4 Rfe8
22. cxb5 Rxb5 23. Nc4 Nc7 24. Bxf5 Qxf5 25. Ne3 Qg6 26. Nxg4 Kh7 27. Ne3 e6 28.
dxe6 Qxe6 29. Ng2 Qf6 30. Rxe8 Nxe8 31. Qd3+ Qg6 32. f5 1-0